Ouvertures d'échecs géographiques - Mort subite - Statistiques

Statistiques générales
  • Ce quiz a été pris 67 fois
    66 depuis la dernière actualisation
  • Le résultat moyen est 10 sur 15
Answers on the Grid
Answers color-coded by a green-red scale on the quiz's grid according to % correct below.
Système de Londres
Défense française
Gambit portugais
Défense scandinave
Défense hollandaise
Partie catalane
Partie écossaise
Partie anglaise
Partie espagnole
Partie italienne
Gambit de Budapest
Ouverture polonaise
Défense sicilienne
Partie viennoise
Partie de Bucarest
Défense Sarde
Défense andoran
Partie gallois
Système de Glasgow
Défense belge
Gambit de Vatican
Ouverture ukrainien
Défense géorgien
Gambit danoi
 
Statistiques - réponses
Réponse % Correct
Défense sicilienne
91%
Défense française
89%
Système de Londres
89%
Défense scandinave
81%
Partie catalane
79%
Défense hollandaise
74%
Partie écossaise
74%
Partie espagnole
68%
Partie italienne
66%
Partie anglaise
62%
Partie viennoise
62%
Gambit de Budapest
47%
Ouverture polonaise
47%
Gambit danoi
45%
Gambit portugais
26%
Aucun quiz correspondant
Distribution des résultats
% des personnes avec chaque résultat
Percentile par nombre de réponses
Votre historique - résultats
Vous n’avez pas pris ce quiz depuis la dernière actualisation